00454ntaaa2200169 45000030003000000050017000030080021000200400037000410820017000781000019000952450090001142500010002042600028002143000011002426500012002536500019002650120251027202005.00714s1973 ag 01  aAR-BaBNbspacAR-BaBNeaacrdRIC a261.0000 G41 aGill, Everett  aIglesias del Nuevo Testamento, o misiones domésticas y foráneas del primer siglo. a1 ed. aEl Paso : bCBP, c1958 a126 p. aIglesia aEclesiología